All odd-toed ungulate species - Statistics

General Stats
  • This quiz has been taken 25 times
  • The average score is 9 of 16
Answer Stats
Picture Answer % Correct
Black rhinoceros
74%
Indian rhinoceros
74%
Javan rhinoceros
74%
White rhinoceros
74%
Malayan tapir
68%
Grévy's zebra
63%
Mountain zebra
63%
Sumatran rhinoceros
63%
Baird's tapir
58%
Plains zebra
58%
African wild ass
53%
Wild horse
53%
Onager
42%
Mountain tapir
37%
South American tapir
32%
Kiang
26%
No matching quizzes found
Score Distribution
Percent of People with Each Score
Percentile by Number Answered
Your Score History
You have not taken this quiz